00598nam a2200193Ia 4500003000400000008004100004040001600045082001700061100002300078245011300101260003200214300001400246490004100260650003500301650001100336650001100347650002600358650002000384GCL140319s9999 xx 000 0 eng d aGCL / cGCL04aCCb932bG L1 aGAUTHIER, HENRI M.10aLE LURE DES ROIS D'EGYPTE, TOME2 : DE LA XIIIE DYNASTIE A LA FIN DE LA XVIIE DYNASTIE / cGAUTHIER, HENRI M. a[S.N] : bI.F.A.O ، c1912 a173 - 428 aMEMOIRES LES MEMBLES DE L'I.F.A.Ov004aEGYPT, ANTIQUITIES, TO 332 B.C04aTHEBES04aHYKSOS04aEGYPTIAN INSCRIPTIONS04aMEMPHIS (EGYPT)